| 000 | 01508nam0a22003011 4500 | ||
|---|---|---|---|
| 001 | rc\4235821 | ||
| 005 | 20250612023747.0 | ||
| 021 |
_aRU _b[60-58782] |
||
| 035 | _a(NLR Aleph) 008466997 | ||
| 090 |
_a7905415 _c7905415 |
||
| 100 | _a20130416d1960 |||y0rusy50 ca | ||
| 101 | 0 | _arus | |
| 102 | _aRU | ||
| 105 | _ay z ||||| | ||
| 200 | 1 |
_aВнутригодовое распределение речного стока _e(Основные закономерности и их использование в гидрол. и водохоз. расчетах) _fПод ред. д-ра техн. наук проф. Д.Л. Соколовского _gГл. упр. гидрометеорол. службы при Совете Министров СССР. Гос. ордена Трудового Красного Знамени гидрол. ин-т |
|
| 210 |
_aЛенинград _cГидрометеоиздат _d1960 |
||
| 215 |
_a327 с., 5 л. граф. _cграф. _d27 |
||
| 320 | _aБиблиогр.: с. 320-327 | ||
| 606 |
_aРечной сток _xРегулирование _2psbo |
||
| 606 |
_aРечной сток _xРасчет _2psbo |
||
| 700 | 1 |
_aАндреянов _bВ.Г. _f1899- _gВладимир Георгиевич |
|
| 702 | 1 |
_4340 _7ca _8rus _aСоколовский _bД. Л. _f1896-1986 _gДаниил Львович _9268826 _3RU\NLR\AUTH\770268882 |
|
| 801 | 0 |
_aRU _bNLR _gpsbo |
|
| 801 | 1 |
_aRU _bELAR _2rusmarc |
|
| 852 |
_aNLR _j60-7/1880 |
||
| 942 | _cBOOK | ||
| 980 | _aNB | ||